00648nam a2200193Ia 4500001001000000003000500010008004100015010001100056040000900067100002700076245009900103260003500202300001000237502008700247650001600334650002500350650002900375710005000404Para_1266CHAP220125s1998 xx 000 0 und d a199974 cCHAP aHerrera Corredor, Hugo aExudados de raíces :b interacción entre especies vegetales /c por Hugo Herrera Corredor aChapingo, Méx. :b El autor a63 h. aTesis (Ing. Agr. Esp. en Parasitología Agrícola), UACh. Depto. Parasitología aAlelopatia  aFisiología vegetal aPlantas x competencia  aUACh. Departamento Parasitología Agrícola